000 01200cab a2200241 4500
001 ABS68681
008 050113n2004 000 0 eng u
035 _a(Sirsi) u128516
100 _aBaker, C.
245 _aStuck in a rut on the strategy for change
260 _c2004
490 _aAxis
_v58(5) November/December 2004, 8-10(3)
520 _aExamines the Northern Way, the ambitious government policy launched in September 2004, which aims to close the north-south gap in prosperity and to balance north-south productivity. Indicates that although the policy is largely concerned with economic development, community regeneration and transport also feature in the strategy. Lists the key Northern Way objectives and the six cluster programmes covering particular industry and service sectors. Questions whether the Northern Way will be able to achieve its goals.
590 _aABS
650 _aGOVERNMENT POLICY
650 _aNORTH-SOUTH DIVIDE
650 _aECONOMIC DEVELOPMENT
650 _aSUSTAINABLE COMMUNITIES
650 _aTRANSPORT
690 _aREGENERATION
856 _uhttps://www.thenorthernway.co.uk/
_zView the report on the Northern Way website...
942 _n0
999 _c74714
_d74714